LIBRARY & INFORMATION CENTRE, KCAET, TAVANUR

ONLINE PUBLIC ACCESS CATALOGUE (OPAC)

Textbook of floriculture and landscaping / (Record no. 15443)

MARC details
000 -LEADER
fixed length control field 00363nam a22001217a 4500
020 ## - INTERNATIONAL STANDARD BOOK NUMBER
ISBN 9789386546005
082 ## - DEWEY DECIMAL CLASSIFICATION NUMBER
Classification number 635.9
Item number SIN/TE
100 ## - MAIN ENTRY--AUTHOR NAME
Personal name Singh ,anil K .
245 ## - TITLE STATEMENT
Title Textbook of floriculture and landscaping /
260 ## - PUBLICATION, DISTRIBUTION, ETC. (IMPRINT)
Place of publication New delhi ;
Name of publisher A paperback division of new india publishing agency ,
Year of publication 2017 .
700 ## - ADDED ENTRY--PERSONAL NAME
Personal name Sisodia , anjana .
942 ## - ADDED ENTRY ELEMENTS (KOHA)
Koha item type Books
Holdings
Withdrawn status Lost status Damaged status Home library Current library Date acquired Cost, normal purchase price Full call number Accession Number Koha item type
      KAUAET KAUAET 04/06/2018 350.00 635.9 SIN/TE 25734 Books
free website counter